000 004300000a22001810004500
003 MACL
005 20150911113748.0
008 150911b xxu||||| |||| 00| 0 eng d
040 _aMACL
_cMACL
041 _aEnglish
082 _a823/BAN
100 _aBandopadhyaya, Manik
_910026
245 _aThe Puppets Tals
260 _bSahitya Akademi
_c1968
_aNew Delhi
350 _a7
650 _aFicition
_9964
942 _cBK
_k823
_2ddc
999 _c7428
_d7428